Pinturas y mesas (Record no. 14035)

MARC details
000 - LÍDER
campo de control de longitud fija 00829nam a2200205Ia 4500
008 - ELEMENTOS DE DATOS DE LONGITUD FIJA - INFORMACIÓN GENERAL
campo de control de longitud fija 0000001988 ck a 0000000000spa00
090 ## - NÚMERO DE LLAMADA DE TIPO LC LOCALMENTE ASIGNADO (OCLC)
Número de clasificación (OCLC) (R) PUS00 A51p
100 1# - ENTRADA PRINCIPAL - NOMBRE PERSONAL
Nombre de la persona Amaral, Jim
Fechas asociadas a un nombre 1933
245 10 - TÍTULO DECLARACIÓN
Título Pinturas y mesas
Declaración de responsabilidad / Jim Amaral
260 ## - PUBLICACIÓN, DISTRIBUCIÓN
Lugar de publicación Bogotá : Galería Garcés Velásquez
Fecha de publicación 1988
300 ## - DESCRIPCIÓN FÍSICA
Alcance [16] p.
Dimensiones / 28 cm.
500 ## - NOTA GENERAL
Nota general John James Amaral Ratti nombre real de Jim Amaral \ Exposición realizada en Galería Garcés Velásquez de Bogotá en 1988
505 ## - NOTA DE CONTENIDO FORMATEADA
Nota sobre el contenido formateado OBRAS: Mesa de cariatides Puerta lunar 58 Quietud lunar 77A, 77b, 77c, 77d Mancha lunar Fuga Mancha solar
600 00 - ENTRADA DE SUJETO AÑADIDO - NOMBRE PERSONAL
Nombre de la persona AMARAL, JIM, 1933/
Subdivisión general TRABAJOS PICTORICOS
650 14 - ENTRADA DE SUJETO AÑADIDO - TÉRMINO TÓPICO
Término tópico o elemento de entrada del nombre geográfico PINTURA ESTADOUNIDENSE
650 14 - ENTRADA DE SUJETO AÑADIDO - TÉRMINO TÓPICO
Término tópico o elemento de entrada del nombre geográfico ARTE ESTADOUNIDENSE
650 14 - ENTRADA DE SUJETO AÑADIDO - TÉRMINO TÓPICO
Subdivisión general CATALOGOS
650 14 - ENTRADA DE SUJETO AÑADIDO - TÉRMINO TÓPICO
Subdivisión general EXPOSICIONES
650 14 - ENTRADA DE SUJETO AÑADIDO - TÉRMINO TÓPICO
Término tópico o elemento de entrada del nombre geográfico PINTORES ESTADOUNIDENSES
Holdings
Estado de retirada Pérdida de estatus Estado dañado No para préstamo Código de recogida Ubicación permanente Ubicación actual Ubicación de las estanterías Fecha de adquisición Número de llamada completo Código de barras Fecha de la última vez que se vio Número de copia Precio efectivo desde Tipo de artículo Koha
        General ArtNexus ArtNexus General 06/09/2022 P-US-00 A51P 14218 06/09/2022 Ej.1 06/09/2022 Libro

Powered by Koha